000 00445cam a22001337a 4500
008 180718b1970 xxu||||| |||| 00| 0 eng d
082 _aT3942x54 In2/Ant/1969
100 _aTariff Commission
245 _aReport on the fair selling price of antimony, Bombay, 1969
_cby Tariff Commission, India
260 _aDelhi
_bThe Manager of Publications
_c1970
300 _a55+p.
500 _aChairman: B.N. Banerjee
700 _aBanerji, B.N. (Chairman)
999 _c489811
_d489811